000 00453nam a2200157Ia 4500
005 20250329103705.0
008 231217s9999 xx 000 0 und d
020 _a9788178817323
082 _a001.64404ECO JAY;1 R
100 _aJaya Krishna, S ed.
245 0 _aE-business : emerging models, strategies and practices
260 _c2005
_bIcfai
_aHyderabad
300 _aix, 167
650 _aE-business,models,,strategies,practices
942 _cAA
999 _c188766
_d188766